1898 1032 1887 1365 1566 1292 1762 1498 1749 1889 1815 1811 1657 1398 1836 1403 1980 1411 1003 1162 1943 1528 1614 1501 1375 1633 1263 1025 1272 1425 1695 1843 1263 1540 1030 1837 1156 1677 1389 1133 1567 1955 1210 1749 1403 1591 1001 1773 1687 1532 1015 1690 1732 1943 1544 1886 1841 1940 1820 1533 1863 1321 1557 1128 1406 1962 1028 1593 1017 1882 1610 1672 1607 1501 1300 1649 1158 1026 1062 1961 1816 1890 1573 1604 1016 1150 1252 1076 1434 1286 1613 1897 1905 1488 1077 1436 1370 1737 1808 BCNSPRNW ULIB Ver.6.0+V

เปลี่ยนเป็นภาษาไทย

Change to English
 แสดงรายละเอียดบรรณานุกรม
  กลับหน้าหลัก

Brief Record : Get Marc (ISO 2709) : E-mail record : QR code < ปิดหน้าต่าง
LEADER : 00000nam 2200000uu 4500
001    13399121438
003     ULIB
008    121119s2551||||th 000 0 tha d
020    ^a9789748478890
090    ^aนว.^bป164ห
100 0  ^aปภาฐิตา
245 00 ^aหลากหัวใจในสายลมรัก/^cปภาฐิตา
250    ^aพิมพ์ครั้งที่ 1
260    ^aกรุงเทพฯ :^bไฟน์บุ๊ค,^c2551
300    ^a228 หน้า
710 1  ^aไฟน์บุ๊ค
945    ^p160^l0^i14055
995    ^aทศพร
999    ^aทศพร เกษรทอง
รายการนี้ยังไม่มีแท็ก
คุณยังไม่ได้ล็อกอิน คุณสามารถมีกิจกรรมร่วมกับเว็บไซต์ได้ แต่ต้องล็อกอินก่อน ::
  ล็อกอิน

รายการสื่อสารสนเทศ

ลำดับที่ ประเภท เลขเรียก/บาร์โค้ด สถานที่ สถานะ
1. นวนิยาย
นวนิยาย
นว. ป164ห ฉ.1 
  Barcode: 14055
ห้องสมุดวิทยาเขตสวรรค์ประชารักษ์
►นวนิยาย
บนชั้น
  ขอยืม

BibComment


ยังไม่เคยถูกคอมเมนท์

คอมเมนท์ทรัพยากรรายการนี้
  คอมเมนท์: หลากหัวใจในสายลม..


 Copyright 2026. Bcnsprnw @Library